000 00845nam a2200253 a 4500
005 20240228064239.0
008 160504s2010 es r 000 0 spa d
020 _a9788492412723
035 _aUPN01000210169
049 _aI
050 4 _aPZ48
_bR6.7
100 1 _aRodari, Gianni,
_d1920-1980
_931875
245 1 0 _aTonino el invisible /
_cGianni Rodari, Paola Rodari ; il. Alsesandro Sanna ; tr. Elena del Amo.
260 _aBarcelona, Esp. :
_bLibros del Zorro Rojo,
_c2010.
300 _a[34] p. :
_bil. col.
440 0 _aLibros del zorro rojo
534 _pTítulo original:
_tTonino I'invisibile
650 4 _aLiteratura infantil italiana
_911122
650 4 _aCuentos infantiles italianos
_97373
650 4 _aLibros y lectura para niños
_92290
700 1 _aRodari, Paola,
_ecoaut.
905 _aInfantil
999 _c182270
_d182270